| 000 | 00640nam a2200181 i 4500 | ||
|---|---|---|---|
| 001 | 144365 | ||
| 003 | ES-MaACL | ||
| 005 | 20230906201013.0 | ||
| 007 | t| | ||
| 008 | 070214s1971 sp bdf |||| | spa d | ||
| 080 | _a338(460.235 Vallés.)"19" | ||
| 110 | 2 |
_aCaja de Ahorros de Sabadell. _92291 |
|
| 245 | 1 | 0 |
_aSíntesis del estudio _b: Dinámica y perspectiva del Vallés. |
| 260 |
_aSabadell : _bCaja de Ahorros, _c1971 ( _eBarcelona : _fGráf. Francisco Casamajó) |
||
| 300 |
_a343 p., 3 gráf., 12 lám., 38 mapas ; _c30 cm. |
||
| 651 | 4 |
_aVallès (Barcelona, Comarca)- _xSituación económica. _9160689 |
|
| 852 |
_aES-MaACL _jC-43965 |
||
| 999 |
_c144365 _d144365 |
||